000 00717nam a2200205 i 4500
001 141387
003 ES-MaACL
005 20250823103313.0
007 t|
008 070921s1968 sp a |||| | spa d
100 1 _aVilarrubias Solanes, Felio A.
_9114827
245 1 3 _aLa tradición musical y la organería en Poblet /
_cFelio A. Vilarrubias Solanes ; prólogo-ofrecimiento de José Valls Taberner.
260 _aPoblet :
_bComisión Pro-órgano,
_c[1968]
300 _a86 p. :
_bil. ;
_c18 cm.
610 2 _aMonasterio de Santa María de Poblet.
_95752
650 1 4 _aMúsica religiosa
_915417
700 1 _aValls Taberner, José.
_9112952
852 _aES-MaACL
_jC-37236
999 _c141387
_d141387